000 004360000a22001810004500
003 MACL
005 20150911122124.0
008 150911b xxu||||| |||| 00| 0 eng d
040 _aMACL
_cMACL
041 _aEnglish
082 _a823
100 _aMadgulkar, Vyankatesh
_910077
245 _aThe Village had no Walls
260 _bPopular Prakashan
_c1994
_aBombay
350 _a75
650 _aFiction
_910078
942 _cBK
_k823
_2ddc
999 _c2793
_d2793